Bilecik Bilecik Bilecik Bilecik Bilecik

Doğumunun 800. yılında Hacı Bektaş Veli Sempozyumu (Nevşehir,17-18 Ağustos 2009) -bildiriler. (Record no. 29601)

MARC details
000 -BAŞLIK
Sabit Uzunluktaki Kontrol Alanı 03887nam a22003617a 4500
001 - KONTROL NUMARASI
Control Dosyası 0029680
003 - KONTROL NUMARASI KİMLİĞİ
Kontrol Alanı KOHA_MİRAKIL
005 - EN SON İŞLEM TARİHİ ve ZAMANI
Kontrol Alanı 20260207002705.0
007 - FİZİKSEL TANIM SABİT ALAN - GENEL BİLGİ
Sabit uzunluklu kontrol alanı ta
008 - SABİT UZUNLUKTAKİ VERİ ÖGELERİ - GENEL BİLGİ
Sabit Alan 110421b2010 tu |||gro|||#1|||0|tur |
020 ## - ISBN - ULUSLARARASI STANDART KİTAP NUMARASI
Isbn 9789751623355
040 ## - KATALOGLAMA KAYNAĞI
Özgün Kataloglama Kurumu TR-BiSEU
Kataloglama Dili tur
Çeviri Kurumu TR-BiSEU
Açıklama Kuralları rda
041 0# - DİL KODU
Metin ya da ses kaydının dil kodu tur
044 ## - YAYINLAYAN/ÜRETEN KURULUŞUN ÜLKE KODU
ISO country code tu
050 ## - SINIFLAMA ve YER NUMARASI
Sınıflama Numarası BP189.7
Yer Numarası .D67 2010
111 2# - TOPLANTI ADI
Toplantı Adı Doğumunun 800. yılında Hacı Bektaş Veli Sempozyumu (2009 : Nevşehir)
9 (RLIN) 58570
245 1# - ESER ADI BİLDİRİMİ
Başlık Doğumunun 800. yılında Hacı Bektaş Veli Sempozyumu (Nevşehir,17-18 Ağustos 2009) -bildiriler.
264 #1 - ÜRERİM, YAYIN, DAĞITIM ve TELİF BİLDİRİMİ
Yayın yeri Ankara :
Yayınlayan AKDTYK Atatürk Kültür Merkezi
Yayın tarihi 2010
300 ## - FİZİKSEL TANIMLAMA
Sayfa, Cilt vb. XXVII, 429 s. ;
Boyutları 24 cm
336 ## - İÇERİK TÜRÜ
Content type term metin
Content type code txt
Source rdacontent
337 ## - MEDYA TÜRÜ
Media type term aracısız
Media type code n
Source rdamedia
338 ## - TAŞIYICI TÜRÜ
Carrier type term cilt
Carrier type code nc
Source rdacarrier
490 1# - DİZİ BİLDİRİMİ
Dizi Bildirimi Atatürk Kültür Merkezi Yayını ;
Cilt Numarası 399.
490 1# - DİZİ BİLDİRİMİ
Dizi Bildirimi Bilimsel Toplantılar Dizisi ;
Cilt Numarası 49.
500 ## - GENEL NOT
Genel Not Kaynakça var.
505 ## - İÇİNDEKİLER NOTU
İçindekiler Notu SUNUŞ
650 #0 - KONU BAŞLIĞI EK GİRİŞ - KONU TERİMİ
Konusal terim veya coğrafi ad Hacı Bektaş Veli, 13th cent.--Congresses.
9 (RLIN) 58571
650 #0 - KONU BAŞLIĞI EK GİRİŞ - KONU TERİMİ
Konusal terim veya coğrafi ad Islamic sects--Turkey--Congresses.
9 (RLIN) 58572
830 1# - SERİ EK GİRİŞİ - TEKBİÇİM ESER ADI
Tekbiçim Başlık Atatürk Kültür Merkezi Yayını ;
Volume number/sequential designation 399.
9 (RLIN) 26821
830 1# - SERİ EK GİRİŞİ - TEKBİÇİM ESER ADI
Tekbiçim Başlık Bilimsel Toplantılar Dizisi ;
Volume number/sequential designation 49.
9 (RLIN) 58573
907 ## - LOCAL DATA ELEMENT G, LDG (RLIN)
a Sempozyum
942 ## - EK GİRİŞ ÖGELERİ (KOHA)
Source of classification or shelving scheme Library of Congress Classification
Koha item type Book
505 ## - İÇİNDEKİLER NOTU
-- AÇIŞ KONUŞMALARI
-- Prof. Dr. Filiz KILIÇ (Nevşehir Üniversitesi Rektörü)
-- Prof. Dr. Osman HORATA (Atatürk Kültür Merkezi Başkanı)
-- Ali Rıza SELMANPAKOĞLU (Hacıbektaş Belediye Başkanı)
-- Osman AYDIN (Nevşehir Valisi)
-- Faruk ÇELİK (Devlet Bakanı)
-- BİLDİRİLER
-- Ahmet TAŞĞIN
-- Hacı Bektaş'ın Rum'a Gelişi: Seyahati ve Rum Erenleriyle Karşılaşması
-- Ali KOZAN
-- Hacı Bektaş-ı Veli Öğretisi ve XIII. Yüzyıl Anadolu İslâmı Üzerindeki Etkileri
-- Ali Yaman
-- Yesevîlik-Bektaşîlik Bağlantıları ve Alevî-Bektaşî Kimliği'nin Oluşumunda Yesevîliğin Rolü
-- Ayşe KAYAPINAR
-- Balkanlar'da Mihaloğullarına Tâbi Akınlcıların Bektaşilikle Bağlantasına Dair Onomastik ve Toponomik Bir Araştırma
-- Bayram Ali ÇETİNKAYA
-- Hacı Bektâş-ı Velî'de İnsan Felsefesi
-- Cemal ŞENER
-- Hacı Bektaş-Al Horasanî'nin Alevilikteki Yeri
-- Eva CSAKI
-- Hacı Bektaş Velî'nin İzinden
-- Harun YILDIZ
-- Hacı Bektaş Velî İle Ahi Evran İlişkisi
-- Hasan ONAT
-- Ahmet Yesevi-Hacı Bektaş Velî Çizgisinde "Velayetname"nin Anlam ve Önemi Hakkında
-- Hasan YAVUZER
-- Hacı Bektaş'ta Ziyaret Yerleri ve Atfedilen Anlamlar
-- Hüseyin BAL
-- Hacı Bektaş Velî ve Hak Dini Anlayışı
-- Hüseyin ÖZCAN
-- Hacı Bektaş Velî'nin Fatiha Tefsiri ile Besmele Tefsiri'nin Karşılaştırılması
-- İskender OYMAK
-- Hacı Bektaş-ı Velî Dergâhı Çevresinde Gelişen Halk İnanışları
-- Janos SIPOS
-- Trakya Bektaşilerinin Tasavvufî ve Halk Müziği ile Anadolu Halk Müziği Arasındaki Bağlantılar
-- Levent KAYAPINAR
-- Balkalarda Erken Dönem Osmanlı Akıncı Uçbeyleri Bektaşi miydiler?
-- M. Malik BANKIR
-- Sosyo-Psikolojik Açıdan Makalat
-- Mehmet KARAASLAN
-- Bektaşî Nefesleri ve Nefes Söyleme Geleneğinin Hacıbektaşlı Bir Temsilcisi: Şair Haydar Kaim
-- Mehmet Saffet SARIKAYA - Kamile ÜNLÜSOY
-- Hacı Bektaş Velî'nin İnanç Dünyasında Hz. Ali ve Ehl-i Beyt
-- Necdet SUBAŞI
-- Tarih ve Gendelik Gerçeklik Karşısında Hacı Bektaş Velî ya da Referans Arayışının Sınırları
-- Osman EĞRİ
-- Hacı Bektaş Velî ve Bektâşîlik'te Akıl, İlim ve İmân İlişkisi
-- Ömer BAYRAM
-- Hacı Bektaş Velî Öğretisi ve Azerbaycan Edebiyatı
-- Ömer Faruk TEBER
-- Bektâşî Dervişinin Yol Haritası: Bektaşi Erkânnâmeleri
-- Özgür SAVAŞÇI
-- Hazret-i Hünkâr Hacı Bektaş Velî Örneğindeki Bektaşîlik/Alevîlikte Lakapların Önemi
-- Robert LANGER
-- Hacı Bektaş Velî'nin Almanya'ya Varışı: Göç ve Diaspora Çerçevesinde Yurtdışındaki Alevilikte Dinsel Ritüel Dönüşüm-Değişimler
-- Ünal ZAL
-- Kutadgu Bilig ve Makalat'taki Bazı Ortak Temel Kavramlar Üzerine
-- FOTOĞRAFLAR
Holdings
Materyal Türü Kalıcı Konum Mevcut Konum Raf Yeri Sınıflandırma Kaynağı Edinim Bilgisi Ana Konular Alt Konular Yer Numarası Demirbaş Numarası Fatura Tarihi Geri Çekilme Durumu Kayıp Durumu Hasarlı Durumu Kredi için değil Kayıt Tarih Toplam Ödünçverme Son Görülme Tarihi Son Kontrol Tarihi Genel / Bağış Notu
Book Prof. Dr. Azmi Özcan Kütüphanesi Prof. Dr. Azmi Özcan Kütüphanesi Uluğbey Salonu Library of Congress Classification Bağış FELSEFE, PSİKOLOJİ, DİN İslam, Bahailik, Teozofi vb. BP189.7 .D67 2010 0029680 02/02/2026         21/04/2011 3 27/05/2025 27/05/2025 Atatürk Kültür Merkezi